| 000 | 00352nam a2200133Ia 4500 | ||
|---|---|---|---|
| 008 | 240624s9999 xx 000 0 und d | ||
| 041 | _aeng | ||
| 082 | _a658.8 HIL | ||
| 100 | _aHILL MARK E | ||
| 245 | _aMARKETING STRATEGY THE THINKING INVOLVED | ||
| 260 |
_c2013 _aLondon _bSage Publications |
||
| 300 | _axxiv, : 335 : p. : cm. ; 25 | ||
| 365 |
_c _b38 |
||
| 999 |
_c21867 _d21867 |
||